Personnages célèbres - Série 75 - Statistiques

Statistiques générales
  • Ce quiz a été pris 109 fois
  • Le résultat moyen est 6 sur 15
Statistiques - réponses
Par images Hint Réponse % Correct
Florent - natation Manaudou
93%
Marguerite - écrivaine Yourcenar
71%
Justin - homme d'état canadien Trudeau
66%
Anouk - actrice Aimée
54%
chanteuse Beyoncé
54%
Clotilde - actrice Courau
40%
Valérie - actrice Bonneton
37%
Jean Loup - spationaute Chrétien
37%
Nicole - actrice,humoriste Ferroni
36%
Jean Claude - homme d'état luxembourgeois Juncker
31%
Denise - actrice Grey
24%
Felice - cyclisme Gimondi
20%
Joop - cyclisme Zoetemelk
16%
Isla - actrice australienne Fisher
7%
Marc - réalisateur Fitoussi
2%
Aucun quiz correspondant
Distribution des résultats
% des personnes avec chaque résultat
Percentile par nombre de réponses
Votre historique - résultats
Vous n’avez pas pris ce quiz